Statistics for F1 Winners: Monaco Grand Prix

Click here to take the quiz!

General Stats

  • This quiz has been taken 3,008 times
    (804 since last reset)
  • The average score is 50 of 69

Answer Stats

SeasonCircuit Driver% Correct
2008Circuit de MonacoLewis Hamilton
99%
2019Circuit de MonacoLewis Hamilton
99%
2016Circuit de MonacoLewis Hamilton
99%
2023Circuit de MonacoMax Verstappen
99%
2021Circuit de MonacoMax Verstappen
99%
1994Circuit de MonacoMichael Schumacher
95%
1995Circuit de MonacoMichael Schumacher
95%
1997Circuit de MonacoMichael Schumacher
95%
1999Circuit de MonacoMichael Schumacher
95%
2001Circuit de MonacoMichael Schumacher
95%
2011Circuit de MonacoSebastian Vettel
95%
2017Circuit de MonacoSebastian Vettel
95%
1987Circuit de MonacoAyrton Senna
94%
1989Circuit de MonacoAyrton Senna
94%
1990Circuit de MonacoAyrton Senna
94%
1991Circuit de MonacoAyrton Senna
94%
1992Circuit de MonacoAyrton Senna
94%
1993Circuit de MonacoAyrton Senna
94%
2022Circuit de MonacoSergio Pérez
94%
2006Circuit de MonacoFernando Alonso
93%
2007Circuit de MonacoFernando Alonso
93%
2013Circuit de MonacoNico Rosberg
92%
2015Circuit de MonacoNico Rosberg
92%
2014Circuit de MonacoNico Rosberg
92%
1983Circuit de MonacoKeke Rosberg
91%
1986Circuit de MonacoAlain Prost
90%
1985Circuit de MonacoAlain Prost
90%
1984Circuit de MonacoAlain Prost
90%
1988Circuit de MonacoAlain Prost
90%
2018Circuit de MonacoDaniel Ricciardo
89%
2009Circuit de MonacoJenson Button
86%
1950Circuit de MonacoJuan Manuel Fangio
85%
1957Circuit de MonacoJuan Manuel Fangio
85%
1968Circuit de MonacoGraham Hill
81%
1963Circuit de MonacoGraham Hill
81%
1969Circuit de MonacoGraham Hill
81%
1964Circuit de MonacoGraham Hill
81%
1965Circuit de MonacoGraham Hill
81%
1976Circuit de MonacoNiki Lauda
79%
1975Circuit de MonacoNiki Lauda
79%
2005Circuit de MonacoKimi Räikkönen
78%
2010Circuit de MonacoMark Webber
78%
2012Circuit de MonacoMark Webber
78%
1998Circuit de MonacoMIka Häkkinen
77%
1971Circuit de MonacoJackie Stewart
68%
1973Circuit de MonacoJackie Stewart
68%
1966Circuit de MonacoJackie Stewart
68%
2000Circuit de MonacoDavid Coulthard
60%
2002Circuit de MonacoDavid Coulthard
60%
1981Circuit de MonacoGilles Villeneuve
60%
1959Circuit de MonacoJack Brabham
58%
2003Circuit de MonacoJuan Pablo Montoya
55%
1961Circuit de MonacoStirling Moss
48%
1956Circuit de MonacoStirling Moss
48%
1960Circuit de MonacoStirling Moss
48%
1979Circuit de MonacoJody Scheckter
47%
1977Circuit de MonacoJody Scheckter
47%
1970Circuit de MonacoJochen Rindt
46%
2004Circuit de MonacoJarno Trulli
44%
1996Circuit de MonacoOlivier Panis
43%
1967Circuit de MonacoDenny Hulme
42%
1962Circuit de MonacoBruce McLaren
33%
1980Circuit de MonacoCarlos Reutemann
25%
1982Circuit de MonacoRiccardo Patrese
25%
1974Circuit de MonacoRonnie Peterson
25%
1955Circuit de MonacoMaurice Trintignant
16%
1958Circuit de MonacoMaurice Trintignant
16%
1978Circuit de MonacoPatrick Depailler
14%
1972Circuit de MonacoJean-Pierre Beltoise
11%

Score Distribution

Percentile by Number Answered

Percent of People with Each Score

Your Score History

You have not taken this quiz since the last reset